00680nam a22001577a 4500003000900000008004100009040007100050082002400121100002900145245003600174260005300210300002600263505017500289650003200464650002600496AR-CdUCM190410b ||||| |||| 00| 0 spa d aMUNICIPALIDAD PROVINCIAL DEL CUSCOcBIBLIOTECA MUNICIPAL DEL CUSCO 22ed.a869.09 /bH39 aHenríquez Ureña, Max aBreve historia del modernismo / aMéxico :bFondo de cultura económica,c1962. a559 páginasc21 cm. aContenido :El verso y la prosa de habla española al despuntar el modernismo -- América central -- Las Antillas -- El modernismo en Egipto -- Historia de un nombre ..  aLiteratura latinoamericana. aHistoria y crítica.